Who's who in Bahrain 2015-16.
| Format: | Book |
|---|---|
| Published: |
Sydney, Australia:
Asia Pacific Infoserv,
2015.
|
| Edition: | 10th ed.. |
| Subjects: |
| LEADER | 00425cam a2200145 7i4500 | ||
|---|---|---|---|
| 001 | 0000032862 | ||
| 005 | 20151215090000.0 | ||
| 020 | 0 | 0 | |a 9781925109351 |
| 090 | 0 | 0 | |a BAHS 953.65025 |b WHO |
| 245 | 0 | 0 | |a Who's who in Bahrain 2015-16. |
| 250 | 0 | 0 | |a 10th ed.. |
| 260 | 0 | 0 | |a Sydney, Australia: |b Asia Pacific Infoserv, |c 2015. |
| 300 | # | # | |a 112 p.;; |c 30 cm. |
| 650 | 1 | 0 | |a Bahrain |
| 999 | |a B000036872 |b Directories |c Countries |e Business Information Centre | ||


